Poemas-trabalenguas-retahílas: texto para Segundo Ciclo de Educación General Básica

Na minha lista:
Detalhes bibliográficos
Autor principal: Jerez, Ana Luisa (Author)
Formato: Livro
Idioma:espanhol
Publicado em: Santiago s.n 2000
Edição:1a. ed
Colecção:Al Siglo XXI, 2
Assuntos:
Tags: Adicionar Tag
Sem tags, seja o primeiro a adicionar uma tag!

MARC

LEADER 00000nam a2200000 a 4500
001 UCK5504
003 CL-VaPUC
008 050805e20000400cl |||||||||||||||||spa|d
020 |a 9562885275 
082 0 4 |a Ch861  |b JER  |2 21 
100 0 |a Jerez, Ana Luisa  |e author  |9 494293 
245 1 0 |a Poemas-trabalenguas-retahílas: texto para Segundo Ciclo de Educación General Básica 
250 |a 1a. ed 
300 |a 279 p 
942 |c BK 
945 |d 20050805 00:00:00  |a cmena 
260 |a Santiago  |b s.n  |c 2000 
650 0 |a Poesía infantil  |9 307626 
650 0 |a Poesía chilena   |9 268403 
650 0 |a Educación básica   |9 224933 
583 |a last modification  |c 20180109 02:36:08  |k Rodrigo Vera 
490 0 |a Al Siglo XXI, 2 
999 |c 314010  |d 314008 
952 |0 0  |1 0  |4 0  |6 CH_861_000000000000000_JER_2000  |7 0  |8 A  |9 385879  |a BIBEDU  |b BIBEDU  |c ES_NOD  |d 2019-11-22  |i 4150546  |l 1  |o Ch861 JER 2000  |p 4150546  |r 2024-10-07  |s 2024-09-30  |w 2019-11-22  |y BK  |k EBA